Detalles MARC
| 000 -LÍDER |
| Campo fijo de descripción fija |
01933cam a2200421 i 4500 |
| 001 - NÚMERO DE CONTROL |
| Campo de control |
768714001 |
| 003 - IDENTIFICADOR DEL NÚMERO DE CONTROL |
| Campo de control |
CO-MdFUSB |
| 005 - FECHA Y HORA DE LA ULTIMA TRANSACCIÓN |
| control field |
20180814080330.0 |
| 008 - ELEMENTOS DE LONGITUD FIJA -- INFORMACIÓN GENERAL |
| Campo fijo de descripción fija -- Información general |
110920s2011 sp | |||| 001 0 spa |
| 017 ## - COPYRIGHT OR LEGAL DEPOSIT NUMBER |
| Copyright or legal deposit number |
CO 204-2011 |
| Assigning agency |
Oficina Depósito Legal Córdoba |
| 020 ## - NÚMERO INTERNACIONAL NORMALIZADO PARA LIBROS |
| Número Internacional Normalizado del libro |
9788493748852 |
| 040 ## - FUENTE DE CATALOGACIÓN |
| Agencia de catalogación original |
SpMaBN |
| Idioma de catalogación |
spa |
| Agencia que realiza la transcripción |
CO-MdFUSB |
| Convenciones de la descripción |
rdc |
| Agencia que realiza la modificación |
CO-MdFUSBC |
| 041 1# - CÓDIGO DE IDIOMA |
| Código de idioma para texto/pista de sonido o título separado |
spa |
| Código de idioma original |
eng |
| 080 ## - UNIVERSAL DECIMAL CLASSIFICATION NUMBER |
| Universal Decimal Classification number |
1(081) MacIntyre, Alasdair C. |
| 082 ## - NÚMERO DE CLASIFICACIÓN DECIMAL DEWEY |
| Número de la edición del Dewey |
22 |
| Número de clasificación |
101 |
| Clave de autor-Numero de item |
M152 |
| 100 1# - ASIENTO PRINCIPAL--NOMBRE PERSONAL |
| Nombre personal |
MacIntyre, Alasdair C. |
| Fechas asociadas con el nombre |
1929- |
| Término relacionador |
autor |
| 240 14 - TITULO UNIFORME |
| Título uniforme |
<a href="The tasks of philosophy">The tasks of philosophy</a> |
| 245 14 - TÍTULO |
| Título del Material |
Las tareas de la filosofía |
| Mención de responsabilidad, etc. |
/ Alasdair MacIntyre ; traducción, Francisco Javier Martínez, Feliciano Merino, Sebastián Montiel |
| 264 #1 - PRODUCCIÓN, PUBLICACIÓN, DISTRIBUCIÓN, MANUFACTURA, Y COPYRIGHT |
| Lugar de producción, publicación, distribución, manufactura |
Granada : |
| Nombre del productor, publicador, distribuidor |
Nuevo Inicio, |
| Fecha de producción, publicación, distribución, manufactura, o copyright |
[2011] |
| 264 #4 - PRODUCCIÓN, PUBLICACIÓN, DISTRIBUCIÓN, MANUFACTURA, Y COPYRIGHT |
| Fecha de producción, publicación, distribución, manufactura, o copyright |
©2011 |
| 300 ## - DESCRIPCIÓN FÍSICA |
| Extensión |
354 páginas. |
| Dimensiones |
22 cm |
| 336 ## - TIPO DE CONTENIDO |
| Fuente |
rdacontent |
| Término de tipo de contenido |
texto |
| Código de tipo de contenido |
txt |
| 337 ## - TIPO DE MEDIO |
| Fuente |
rdamedia |
| Nombre del tipo de medio |
sin mediación |
| Código del tipo de medio |
n |
| 338 ## - TIPO DE SOPORTE |
| Fuente |
rdacarrier |
| Nombre del tipo de soporte |
volumen |
| Código Tipo de soporte |
nc |
| 490 1# - MENCIÓN DE SERIE |
| Mención de serie |
Areópagos |
| 490 1# - MENCIÓN DE SERIE |
| Mención de serie |
Ensayos escogidos |
| 500 ## - NOTA GENERAL |
| Nota General |
Índice |
| 505 ## - NOTA DE CONTENIDO |
| Información miscelánea |
Parte I: |
| Título |
Definiendo una posición filosófica |
| Nota de contenido con formato preestablecido |
Crisis epistemológicas, narrativa dramática y filosofía de la ciencia. -- Colores culturas y práctica -- Relativismo moral, verdad y justificación. -- Rostros y cráneos en Hegel. -- ¿Qué es un cuerpo humano? -- ¿Qué separa a la filosofía moral y la praxis social contemporánea? |
| 505 ## - NOTA DE CONTENIDO |
| Información miscelánea |
Parte II: |
| Título |
Los fines de la investigación filosófica. |
| Nota de contenido con formato preestablecido |
Fines de la vida y fines de la producción filosófica. -- Primeros principios, fines últimos y ciertas cuestiones filosóficas contemporáneas. -- La filosofía, reclamada a sus tareas: lectura tomista de la Fides et ratio. -- La verdad como bien: reflexión sobre la Fides et ratio. |
| 563 ## - NOTA DE ENCUADERNACIÓN |
| Nota de encuadernación |
Rústico. |
| 650 #7 - ASIENTO SECUNDARIO DE MATERIA - TERMINO TEMÁTICO |
| Término temático o nombre geográfico como elemento de entrada |
Filosofía |
| Fuente del encabezamiento o término |
embne |
| Subdivisión de forma |
Teoría. |
| 830 ## - PUNTO DE ACCESO ADICIONAL DE SERIE - TÍTULO UNIFORME |
| Título uniforme |
Areópagos |
| 830 ## - PUNTO DE ACCESO ADICIONAL DE SERIE - TÍTULO UNIFORME |
| Título uniforme |
Ensayos escogidos |
| 942 ## - TIPO DE MATERIAL (KOHA) |
| Tipo de Item KOHA |
Libros General |
| 956 ## - LOCAL ELECTRONIC LOCATION AND ACCESS (OCLC) |
| Host name |
2 |